| 000 | 00706nam a2200205Ia 4500 | ||
|---|---|---|---|
| 005 | 20260121110354.0 | ||
| 008 | 008 260114s9999 xx 000 0 hin d | ||
| 020 | _a9788132366546 | ||
| 037 | _aEBOOK | ||
| 040 |
_aCRL _bhin _cCRL |
||
| 041 |
_ahin _2hin |
||
| 084 | _qCRL | ||
| 100 |
_aउमा ग्रेवाल / Deepika Goyal _9945373 |
||
| 245 | 0 | _aडॉ. सर्वपल्ली राधा कृष्णन के विचार / Dr. Sarvepalli Radhakrishnan ke Vichar | |
| 260 |
_bभाषा प्रकाशन / Bhasha Prakashan _c2021 |
||
| 856 | _uhttps://bhashaprakashan.com/product-details/379511 | ||
| 942 | _cEBOOK | ||
| 999 |
_c1537037 _d1537037 |
||